000 00684nam a2200265Ia 4500
003 OSt
005 20220912151503.0
006 a|||||r|||| 00| 0
007 ta
008 220909b |||||||| |||| 00| 0 eng d
024 _a738
037 _cTextual
040 _aCSL
_beng
_cCSL
041 _aeng
082 _aB28, M3
100 _aMcCullagh P
245 0 _aGeneralized linear models
250 _a2
260 _aLondon
_bChapman & Hall
_c1983
300 _a511p.
_ccm.
490 _aMonographs on satatistics and applied probability; 37
700 _a Nelder J A
942 _hB28, M3
_cTEXL
_2CC
999 _c69679
_d69679